=LDR 00000nam 2200000 4500 =001 INLIS000000000023240 =005 20130612121921 =008 ***********************************Ind** =035 ##$$0010-061300000023240 =041 ##$$a Ind =082 ##$$a 495.604 =090 ##$$a 495.604, Bas p =100 ##$$a Basuki, Ambar =245 ##$$a Percakapan bahasa jepang, Ambar Basuki =260 ##$$a 2004 $b Jakarta =300 ##$$a 113 hlm, 21 cm =650 ##$$a Bahasa asing =850 ##$$a NBPNMAT